00497nam a2200193 a 4500001001300000003000900013005001700022008004100039020001000080082001500090100001700105245003700122260003700159300000900196500003500205505001000240650003600250700001700286nice12345678IN_TiNIC20260116011407.0050524s1962 alia grp 000 0 eng  ac10000a297.5bUMA aUmaruddin, M aEthical Philosophy of Al-Ghazali aAligarhbMuslim Universityc1962 a280p aincludes index and biblioraphy2 aIndex aIslam-Moral Theology-Al Ghazali1 aUmaruddin, M